|
|
|
|
| LEADER |
00000cam a2200000 7i4500 |
| 001 |
0000032226 |
| 005 |
20120525.0 |
| 008 |
120525 |
| 020 |
|
|
|a 9812303219
|
| 090 |
0 |
0 |
|a 337.54059
|b ASE
|
| 245 |
1 |
0 |
|a India-ASEAN economic relations :
|b meeting the challenges of globalization
|c editors Nagesh Kumar
|f Rahul Sen
|f Mukul Asher
|
| 260 |
|
|
|a Singapore :
|b ISEAS publications ,
|c 2006
|
| 650 |
|
0 |
|a India
|x economic conditions
|x 1947
|x congresses
|
| 650 |
|
0 |
|a India
|x foreign economic relations
|x southeast Asia
|x congresses
|
| 650 |
|
0 |
|a Southeast Asia
|x economic conditions
|x congresses
|
| 650 |
|
0 |
|a Southeast Asia
|x foreign economic relations
|z India
|x congresses
|
| 999 |
|
|
|a 0001021838
|b Book
|c Adult Collection
|e Cawangan Urban Transformation Centre
|